KOHA-Header-6

Learn To Program With Visual Basic. Net (Record no. 10610)

000 -LEADER
fixed length control field 00275nam a2200109Ia 4500
100 ## - MAIN ENTRY--AUTHOR NAME
Personal name John Smiley
245 #0 - TITLE STATEMENT
Title Learn To Program With Visual Basic. Net
260 ## - PUBLICATION, DISTRIBUTION, ETC. (IMPRINT)
Place of publication New Delhi
Name of publisher Prentice
Year of publication 2002
300 ## - PHYSICAL DESCRIPTION
Number of Pages 541
942 ## - ADDED ENTRY ELEMENTS (KOHA)
Koha item type Books

No items available.

Powered by Koha